[Event "36 R.G.Nezhmetdinov Memorial"]
[Site ", "]
[Date "2014.06.06"]
[Round "7.34"]
[White "Amirkhanov, Roustem"]
[Black "Fraiman, Dmitry"]
[Result "1-0"]
[WhiteElo "2311"]
[BlackElo "2094"]
[PlyCount "83"]
[EventDate "2014.??.??"]

1. e4 c5 2. Nc3 Nc6 3. g3 g6 4. Bg2 Bg7 5. d3 d6 6. Be3 f5 7. Qd2 Nf6 8. Bh6
O-O 9. Bxg7 Kxg7 10. Nge2 e5 11. O-O Qb6 12. Rab1 Nd4 13. exf5 Bxf5 14. b4 cxb4
15. Nxd4 Qxd4 16. Ne2 Qc5 17. Rxb4 Rab8 18. c3 Qc7 19. h3 d5 20. g4 Be6 21. f4
a5 22. Rbb1 Bf7 23. f5 h6 24. g5 hxg5 25. Qxg5 Qd6 26. d4 Rh8 27. fxg6 Rh5 28.
Rxf6 Rxg5 29. Rxd6 Bxg6 30. Rf1 Be4 31. Rf2 Rf8 32. Rd7+ Kg8 33. dxe5 Rxf2 34.
Kxf2 Rxg2+ 35. Ke3 Rh2 36. Nf4 Rxa2 37. e6 Kf8 38. Nh5 Bg6 39. Nf6 Be8 40. Rh7
d4+ 41. cxd4 Ra3+ 42. Kf4 1-0

[Event "36 R.G.Nezhmetdinov Memorial"]
[Site ", "]
[Date "2014.06.06"]
[Round "7.35"]
[White "Igonin, Temur"]
[Black "Teimurov, Artur"]
[Result "1-0"]
[WhiteElo "2215"]
[BlackElo "1934"]
[PlyCount "77"]
[EventDate "2014.??.??"]

1. e4 c5 2. Nf3 Nc6 3. d4 cxd4 4. Nxd4 g6 5. c4 Nf6 6. Nc3 Nxd4 7. Qxd4 d6 8.
f3 Bg7 9. Be3 O-O 10. Qd2 Be6 11. Rc1 a5 12. b3 Nd7 13. Be2 Nc5 14. O-O Qb6 15.
Rc2 Qb4 16. Rb1 f5 17. Qc1 Qb6 18. a3 Qc6 19. Nd5 Bxd5 20. cxd5 Qd7 21. b4 axb4
22. axb4 Na6 23. Bxa6 Rxa6 24. b5 Ra4 25. Rc7 Qe8 26. Rxb7 fxe4 27. Qc7 Ra3 28.
Bb6 exf3 29. Qxe7 Qxe7 30. Rxe7 fxg2 31. Kxg2 Ra2+ 32. Kh1 Be5 33. Bg1 Rb8 34.
b6 Kf8 35. Rc7 Ke8 36. b7 Kd8 37. Rbc1 Ra1 38. Rc8+ Ke7 39. Rxa1 1-0

[Event "36 R.G.Nezhmetdinov Memorial"]
[Site ", "]
[Date "2014.06.06"]
[Round "7.36"]
[White "Merkushev, Dmitry"]
[Black "Yapparov, Timur"]
[Result "1-0"]
[WhiteElo "2105"]
[BlackElo "2215"]
[PlyCount "33"]
[EventDate "2014.??.??"]

1. Nf3 d5 2. c4 c6 3. e3 Nf6 4. Be2 Bf5 5. O-O e6 6. d4 Nbd7 7. Nc3 Be7 8. a3
a6 9. b4 Ne4 10. Nxe4 Bxe4 11. Nd2 Bg6 12. Nb3 O-O 13. c5 e5 14. dxe5 Nxe5 15.
f4 Bf6 16. fxe5 Bxe5 17. Nd4 1-0

[Event "36 R.G.Nezhmetdinov Memorial"]
[Site ", "]
[Date "2014.06.06"]
[Round "7.37"]
[White "Yeletsky, Ivan"]
[Black "Galimov, Ildus"]
[Result "1-0"]
[WhiteElo "2200"]
[BlackElo "1926"]
[PlyCount "59"]
[EventDate "2014.??.??"]

1. e4 d6 2. d4 Nf6 3. Nc3 c6 4. f4 Qa5 5. Bd3 e5 6. Nf3 Nbd7 7. Be3 Be7 8. O-O
O-O 9. h3 Re8 10. a3 Qc7 11. fxe5 dxe5 12. dxe5 Nxe5 13. Nxe5 Qxe5 14. Bf4 Qc5+
15. Kh1 Qh5 16. e5 Qxd1 17. Raxd1 Nd7 18. Ne4 Bf8 19. Nd6 Bxd6 20. exd6 Nb6 21.
c4 Bd7 22. Bh2 c5 23. b4 Na4 24. Rde1 Nb2 25. Be4 Be6 26. Bxb7 Rad8 27. bxc5
Nxc4 28. Ba6 Bd5 29. Rxe8+ Rxe8 30. Bxc4 1-0

[Event "36 R.G.Nezhmetdinov Memorial"]
[Site ", "]
[Date "2014.06.06"]
[Round "7.38"]
[White "Mamyrbay, Assad"]
[Black "Rjanova, Valery"]
[Result "1-0"]
[WhiteElo "2078"]
[BlackElo "2131"]
[PlyCount "102"]
[EventDate "2014.??.??"]

1. e4 e5 2. Nf3 Nc6 3. Bb5 Nge7 4. c3 a6 5. Ba4 g6 6. d4 exd4 7. cxd4 b5 8. Bb3
Bg7 9. O-O O-O 10. d5 Na5 11. Bc2 d6 12. Nc3 Nc4 13. Nd4 c5 14. dxc6 Qb6 15.
Nde2 Qxc6 16. b3 Nb6 17. Bb2 Bg4 18. f3 Qc5+ 19. Kh1 Be6 20. Qd2 Rfd8 21. Rac1
d5 22. Qf4 d4 23. Nd1 Qd6 24. Qxd6 Rxd6 25. Ba3 Rd7 26. Nf2 a5 27. Nd3 b4 28.
Bb2 Rad8 29. Nef4 Rc7 30. Bb1 Rdc8 31. Ne2 Nc6 32. Nc5 Nd7 33. Nxe6 fxe6 34.
Nf4 Kf7 35. Nd3 e5 36. a3 g5 37. Ba2 Ke6 38. g3 Bh6 39. Rc4 Nb6 40. Rc2 Bf8 41.
a4 Bd6 42. Bb1 Rg7 43. Rcf2 Rf8 44. Bc2 Nd7 45. Bc1 Rff7 46. Bd1 Nd8 47. Bc2
Ke7 48. f4 gxf4 49. gxf4 exf4 50. Bxf4 Bxf4 51. Nxf4 Kd6 1-0

[Event "36 R.G.Nezhmetdinov Memorial"]
[Site ", "]
[Date "2014.06.06"]
[Round "7.40"]
[White "Kozina, Anastasia"]
[Black "Davydov, Sergey P"]
[Result "1/2-1/2"]
[WhiteElo "1886"]
[BlackElo "2252"]
[PlyCount "106"]
[EventDate "2014.??.??"]

1. e4 c5 2. Nf3 d6 3. d4 cxd4 4. Nxd4 Nf6 5. Nc3 a6 6. Bg5 e6 7. f4 Nbd7 8. Qf3
Qc7 9. O-O-O b5 10. Nd5 exd5 11. exd5 Nb8 12. Re1+ Be7 13. Bxf6 gxf6 14. Bd3
Kf8 15. Bf5 Nd7 16. Qh5 h6 17. Be6 Rh7 18. Bxf7 Nc5 19. Bg6 Rh8 20. Nc6 Be6 21.
Nxe7 Qxe7 22. dxe6 Rc8 23. Kb1 a5 24. Bf7 b4 25. Re3 a4 26. Rg3 Nxe6 27. Bxe6
Qxe6 28. Qg6 Rc7 29. Qd3 Kf7 30. Rd1 a3 31. b3 d5 32. Re3 Qc6 33. Qxd5+ Qxd5
34. Rxd5 Re8 35. Rxe8 Kxe8 36. Kc1 Re7 37. Kd2 Re4 38. g3 Kf7 39. c3 bxc3+ 40.
Kxc3 Ke6 41. Rd2 h5 42. Kd3 Kf5 43. Rc2 Re1 44. Rc5+ Kg4 45. Ra5 Rh1 46. Rxa3
Rxh2 47. b4 h4 48. Ke3 hxg3 49. Ra8 Kh3 50. b5 Rb2 51. Kf3 Rf2+ 52. Ke3 Rb2 53.
Kf3 Rf2+ 1/2-1/2

[Event "36 R.G.Nezhmetdinov Memorial"]
[Site ", "]
[Date "2014.06.06"]
[Round "7.42"]
[White "Mirzanurov, Bulat"]
[Black "Mingatin, Mars"]
[Result "1-0"]
[WhiteElo "2195"]
[BlackElo "2004"]
[PlyCount "70"]
[EventDate "2014.??.??"]

1. d4 Nf6 2. c4 g6 3. Nc3 Bg7 4. e4 d6 5. Nf3 O-O 6. Be2 e5 7. O-O Nc6 8. d5
Nb8 9. Nd2 a5 10. Rb1 Bd7 11. b3 Na6 12. a3 Nc5 13. b4 axb4 14. axb4 Na4 15.
Qb3 Bh6 16. Bd3 Nxc3 17. Qxc3 Nh5 18. c5 Nf4 19. Nc4 Bb5 20. Nxe5 Nxd3 21. Nxd3
Bg7 22. Qd2 Bd4 23. Re1 Qd7 24. Bb2 Ra2 25. Nc1 Bxb2 26. Nxa2 Be5 27. Nc3 Bc4
28. f4 Bg7 29. e5 dxe5 30. Re4 Bb5 31. Nxb5 Qxb5 32. fxe5 Re8 33. e6 fxe6 34.
dxe6 Qc6 35. Qd7 Rxe6 1-0

[Event "36 R.G.Nezhmetdinov Memorial"]
[Site ", "]
[Date "2014.06.06"]
[Round "7.43"]
[White "Kavyev, Emil"]
[Black "Zlachevskiy, Leonid"]
[Result "1/2-1/2"]
[WhiteElo "1771"]
[BlackElo "2093"]
[PlyCount "49"]
[EventDate "2014.??.??"]

1. e4 e5 2. Nf3 d6 3. d4 Nf6 4. dxe5 Nxe4 5. Qd5 Nc5 6. Bg5 c6 7. Qxf7+ Kxf7 8.
Bxd8 Bg4 9. Nbd2 Nbd7 10. Bc7 Re8 11. O-O-O d5 12. Be2 Bxf3 13. Nxf3 Ne6 14.
Bd6 Bxd6 15. exd6 Nf4 16. Bf1 Kf6 17. g3 Ng6 18. Bh3 Nc5 19. Nd2 Rd8 20. Rhe1
Ne5 21. f4 Ned3+ 22. cxd3 Nxd3+ 23. Kc2 Nxe1+ 24. Rxe1 Rxd6 25. Nf3 1/2-1/2

[Event "36 R.G.Nezhmetdinov Memorial"]
[Site ", "]
[Date "2014.06.06"]
[Round "7.45"]
[White "Fedotov, Nikita"]
[Black "Faizrakhmanov, Ildar"]
[Result "1-0"]
[WhiteElo "2017"]
[BlackElo "1721"]
[PlyCount "119"]
[EventDate "2014.??.??"]

1. c4 Nf6 2. Nf3 e6 3. g3 b6 4. Bg2 Bb7 5. O-O Be7 6. Nc3 O-O 7. d4 d5 8. Nd2
Nc6 9. e3 Rb8 10. b3 Ba6 11. Re1 Na5 12. cxd5 Nxd5 13. Nxd5 exd5 14. Bb2 Nc6
15. a3 Bf6 16. Rc1 Bb7 17. Qc2 Rc8 18. b4 Qd7 19. Nb3 Ne7 20. Qd3 Rfe8 21. Rc2
Bc6 22. Bf1 Qd6 23. Rec1 Bd7 24. Qd2 c6 25. Ba6 Rc7 26. Bd3 Nf5 27. Rc3 Bg5 28.
Bf1 Qe7 29. Rb1 Nd6 30. f3 Nf5 31. Bc1 h5 32. Qf2 Nd6 33. Bd2 h4 34. Qg2 hxg3
35. hxg3 g6 36. Bd3 Kg7 37. e4 Bxd2 38. Nxd2 Rh8 39. e5 Bh3 40. Qf2 Nf5 41.
Rbc1 Qg5 42. Bxf5 gxf5 43. f4 Qh6 44. Nf3 Bg4 45. Nh4 Qe6 46. Qc2 Rhc8 47. b5
c5 48. dxc5 Rxc5 49. Qd2 Rc4 50. Rxc4 Rxc4 51. Rxc4 dxc4 52. Qd4 Be2 53. Kf2
Bd3 54. Nf3 Kh6 55. Ng5 Qe8 56. e6 fxe6 57. Qf6+ Kh5 58. Nf7 Qg8 59. Qh6+ Kg4
60. Qh4# 1-0

[Event "36 R.G.Nezhmetdinov Memorial"]
[Site ", "]
[Date "2014.06.06"]
[Round "7.46"]
[White "Matskevich, Ivan"]
[Black "Kleimenov, Ivan"]
[Result "1-0"]
[WhiteElo "2009"]
[BlackElo "1526"]
[PlyCount "119"]
[EventDate "2014.??.??"]

1. e4 c6 2. d4 g6 3. Nc3 d5 4. e5 Bg7 5. f4 e6 6. Nf3 Nd7 7. Be3 b6 8. Be2 Bb7
9. O-O Ne7 10. Bf2 h5 11. Bh4 Bh6 12. Qd2 Qc7 13. Bxe7 Kxe7 14. Ng5 Rag8 15. h4
Nb8 16. Rfc1 Qc8 17. Na4 Kf8 18. b3 Qd7 19. Rd1 Kg7 20. Rac1 Rc8 21. c4 Rhd8
22. Nb2 Rh8 23. Bf3 Qe7 24. g3 Qa3 25. Qc2 Qe7 26. Nh3 Rh7 27. Qd3 Rhh8 28. Rc2
Qa3 29. Rdd2 Qe7 30. Nd1 Ba6 31. Ne3 Rhf8 32. Rd1 f5 33. exf6+ Qxf6 34. Qd2 Bb7
35. Rdc1 Rce8 36. Re1 Rc8 37. Qd1 Rce8 38. Rce2 Re7 39. cxd5 cxd5 40. Ng5 Bxg5
41. hxg5 Qf7 42. Kf2 h4 43. Ng2 hxg3+ 44. Kxg3 Ba6 45. Re3 Rfe8 46. Bg4 Nc6 47.
Rh1 Rh8 48. Nh4 Rf8 49. Ng2 Rh8 50. Ree1 Ree8 51. Rxh8 Rxh8 52. Bxe6 Qf8 53.
Bxd5 Nb4 54. Bf3 Nxa2 55. d5 Nb4 56. d6 Bd3 57. Re7+ Kg8 58. Qe1 Nc2 59. Qe6+
Qf7 60. Qxf7# 1-0

[Event "36 R.G.Nezhmetdinov Memorial"]
[Site ", "]
[Date "2014.06.06"]
[Round "7.48"]
[White "Mischeryakov, Alexey"]
[Black "Sadykov, Renat"]
[Result "0-1"]
[WhiteElo "1945"]
[BlackElo "2069"]
[PlyCount "62"]
[EventDate "2014.??.??"]

1. e4 c5 2. Nc3 d6 3. f4 Nc6 4. Nf3 g6 5. Bb5 Bg7 6. O-O e6 7. d3 Nge7 8. Qe1
O-O 9. Qh4 Nd4 10. Nxd4 Bxd4+ 11. Kh1 d5 12. f5 exf5 13. Bh6 a6 14. Bxf8 Qxf8
15. exd5 axb5 16. Nxb5 Bxb2 17. Rae1 Nxd5 18. c4 Bd7 19. cxd5 Bxb5 20. Re7 Bxd3
21. Rfe1 Be4 22. d6 Rxa2 23. d7 Bxg2+ 24. Kg1 Kg7 25. Re8 Qd6 26. d8=Q Bd4+ 27.
R8e3 Qxd8 28. Qxd8 f4 29. h4 fxe3 30. Kh2 Be4+ 31. Kg3 Be5+ 0-1

[Event "36 R.G.Nezhmetdinov Memorial"]
[Site ", "]
[Date "2014.06.06"]
[Round "7.49"]
[White "Bubnov, Kirill"]
[Black "Mardakhaev, Semen"]
[Result "1-0"]
[WhiteElo "1871"]
[BlackElo "1917"]
[PlyCount "79"]
[EventDate "2014.??.??"]

1. d4 Nf6 2. c4 e6 3. Nf3 Bb4+ 4. Bd2 a5 5. a3 Bxd2+ 6. Nbxd2 b6 7. e4 d6 8.
Be2 Bb7 9. e5 Ne4 10. Nxe4 Bxe4 11. O-O O-O 12. b4 dxe5 13. dxe5 Qe7 14. Qb3
Nc6 15. Qe3 Bg6 16. b5 Nb8 17. Rfd1 Bh5 18. Rd2 Nd7 19. Nd4 Bxe2 20. Nc6 Qc5
21. Qxc5 Nxc5 22. Rxe2 f6 23. Ne7+ Kf7 24. exf6 gxf6 25. Nc6 Rg8 26. f3 Rg5 27.
Rd1 h5 28. f4 Rg4 29. Nd8+ Ke7 30. Nxe6 Nxe6 31. f5 Rxc4 32. Rxe6+ Kf8 33.
Rxf6+ Ke7 34. Rh6 Rf8 35. Rxh5 a4 36. Rd3 Rc1+ 37. Kf2 Rc5 38. g4 Rxb5 39. Rh7+
Kf6 40. Rxc7 1-0

[Event "36 R.G.Nezhmetdinov Memorial"]
[Site ", "]
[Date "2014.06.06"]
[Round "7.50"]
[White "Kitov, Matvey"]
[Black "Kavyev, Ruslan"]
[Result "0-1"]
[WhiteElo "1839"]
[BlackElo "1880"]
[PlyCount "49"]
[EventDate "2014.??.??"]

1. d4 Nf6 2. c4 c5 3. d5 b5 4. Nc3 b4 5. Nb1 g6 6. Nf3 Bg7 7. g3 d6 8. Bg2 O-O
9. O-O a5 10. Nbd2 a4 11. Rb1 Bf5 12. Ra1 a3 13. Nh4 Nfd7 14. Nxf5 axb2 15.
Bxb2 Bxb2 16. Rb1 Bc3 17. Nh4 Rxa2 18. Ne4 Bg7 19. f4 Nf6 20. f5 Nxe4 21. Bxe4
Nd7 22. fxg6 hxg6 23. Nf3 Qa5 24. Qd3 f5 25. Qd1 0-1

[Event "36 R.G.Nezhmetdinov Memorial"]
[Site ", "]
[Date "2014.06.06"]
[Round "7.51"]
[White "Zhanazarov, Iskander"]
[Black "Kurninov, Andrei"]
[Result "0-1"]
[WhiteElo "1764"]
[BlackElo "1708"]
[PlyCount "50"]
[EventDate "2014.??.??"]

1. e4 c5 2. Nf3 g6 3. Nc3 Bg7 4. d4 cxd4 5. Nxd4 Nf6 6. Bc4 O-O 7. O-O Nxe4 8.
Nxe4 d5 9. Nf6+ Bxf6 10. Bb3 e5 11. Ne2 d4 12. Ng3 Nd7 13. f4 Nc5 14. fxe5 Bxe5
15. Qf3 Be6 16. Qe2 Qc7 17. Qf3 Nxb3 18. cxb3 Rad8 19. Bh6 Rfe8 20. Rfc1 Qe7
21. Qe2 Bd5 22. Re1 Qh4 23. Qd2 f6 24. Bf4 Bc6 25. Bxe5 fxe5 0-1

[Event "36 R.G.Nezhmetdinov Memorial"]
[Site "Kazan"]
[Date "2014.06.07"]
[Round "8.1"]
[White "Andriasian, Zaven"]
[Black "Kokarev, Dmitry"]
[Result "1/2-1/2"]
[WhiteElo "2611"]
[BlackElo "2628"]
[PlyCount "117"]
[EventDate "2014.??.??"]

1. e4 c5 2. Nf3 d6 3. d4 cxd4 4. Nxd4 Nf6 5. Nc3 a6 6. Be3 e5 7. Nb3 Be7 8. h3
Be6 9. Qf3 O-O 10. g4 b5 11. O-O-O b4 12. Nd5 Nxd5 13. exd5 Bd7 14. Bd3 Bb5 15.
Kb1 Bxd3 16. cxd3 a5 17. Nd2 Qd7 18. d4 e4 19. Nxe4 Na6 20. g5 Kh8 21. Rhg1
Rac8 22. Rg4 b3 23. a3 Nb4 24. Bd2 Nxd5 25. Qxb3 f5 26. gxf6 Nxf6 27. Nxf6 Bxf6
28. Bc3 Rb8 29. Qc2 Rfc8 30. Rg3 d5 31. Ka1 Rc4 32. Re3 Qb5 33. Qe2 Qa4 34. Re1
Rcc8 35. Qd1 Qb5 36. Qe2 Qa4 37. Re6 Kg8 38. Qh5 Qd7 39. Qe2 a4 40. Re3 Rc4 41.
Qh5 g6 42. Qd1 Rf8 43. Re6 Kg7 44. Qg4 Rf7 45. h4 Rc6 46. h5 Rxe6 47. Rxe6 Re7
48. Rxe7+ Qxe7 49. hxg6 hxg6 50. Kb1 Qe8 51. Qf3 Qb5 52. Qd1 Qc4 53. Kc2 Bh4
54. f3 Bg5 55. Qd3 Qb3+ 56. Kb1 Kf7 57. Qe2 Bf4 58. Qd3 Bg5 59. Qe2 1/2-1/2

[Event "36 R.G.Nezhmetdinov Memorial"]
[Site "Kazan"]
[Date "2014.06.07"]
[Round "8.2"]
[White "Lintchevski, Daniil"]
[Black "Savchenko, Boris"]
[Result "1/2-1/2"]
[WhiteElo "2546"]
[BlackElo "2559"]
[PlyCount "69"]
[EventDate "2014.??.??"]

1. Nf3 c5 2. c4 g6 3. d4 cxd4 4. Nxd4 Nc6 5. e4 d6 6. Nc3 Nxd4 7. Qxd4 Nf6 8.
f3 Bg7 9. Be3 O-O 10. Qd2 a5 11. Na4 Nd7 12. Rd1 b6 13. b3 Ba6 14. Be2 Nc5 15.
Nc3 Rb8 16. O-O Rb7 17. Rc1 e6 18. Rfd1 Be5 19. Bf1 Rd7 20. g3 f5 21. exf5 gxf5
22. f4 Bf6 23. Bg2 Qc8 24. Bd4 Bxd4+ 25. Qxd4 Bb7 26. Rc2 Rff7 27. Qe3 Bxg2 28.
Kxg2 Qb7+ 29. Qf3 Qxf3+ 30. Kxf3 Kf8 31. Rcd2 Ke7 32. Re2 Kf6 33. Red2 Ke7 34.
Re2 Kf6 35. Red2 {Ke5 [%clk 0:05:45] Ke4+} 1/2-1/2

[Event "36 R.G.Nezhmetdinov Memorial"]
[Site "Kazan"]
[Date "2014.06.07"]
[Round "8.3"]
[White "Ponkratov, Pavel"]
[Black "Rozum, Ivan"]
[Result "1-0"]
[WhiteElo "2595"]
[BlackElo "2535"]
[PlyCount "57"]
[EventDate "2014.??.??"]

1. e4 d6 2. d4 Nf6 3. Nc3 g6 4. Be3 c6 5. f3 b5 6. Qd2 Nbd7 7. h4 h5 8. Nh3 Bb7
9. Ng5 Bg7 10. f4 e5 11. O-O-O Qe7 12. dxe5 dxe5 13. f5 Ng4 14. fxg6 fxg6 15.
Nxb5 cxb5 16. Bxb5 Rd8 17. Bxa7 Ngf6 18. Qe3 O-O 19. Bxd7 Rxd7 20. Bc5 Qe8 21.
Rxd7 Qxd7 22. Qb3+ Kh8 23. Rd1 Qc6 24. Bxf8 Bxf8 25. Rd8 Qc5 26. Rxf8+ Qxf8 27.
Qxb7 Qc5 28. Qb8+ Ng8 29. Qxe5+ 1-0

[Event "36 R.G.Nezhmetdinov Memorial"]
[Site "Kazan"]
[Date "2014.06.07"]
[Round "8.4"]
[White "Timofeev, Artyom"]
[Black "Rychagov, Andrey"]
[Result "1/2-1/2"]
[WhiteElo "2603"]
[BlackElo "2535"]
[PlyCount "90"]
[EventDate "2014.??.??"]

1. e4 e6 2. d4 d5 3. Nd2 c5 4. Ngf3 Nc6 5. exd5 exd5 6. Bb5 Bd6 7. dxc5 Bxc5 8.
O-O Nge7 9. Nb3 Bd6 10. Re1 O-O 11. Bd3 h6 12. h3 Bf5 13. Bxf5 Nxf5 14. Qd3 Qd7
15. Bd2 Rad8 16. Bc3 Rfe8 17. Rad1 Rxe1+ 18. Rxe1 Nfe7 19. Nh4 Bb4 20. Bxb4
Nxb4 21. Qd2 Nbc6 22. c3 Qd6 23. Qe2 Qf6 24. Nf3 Nf5 25. Qb5 b6 26. a4 Rd6 27.
Rd1 Qd8 28. Qd3 Qf6 29. Nbd4 Nfxd4 30. Nxd4 Nxd4 31. Qxd4 Qxd4 32. Rxd4 Kf8 33.
f4 Ke7 34. Kf2 h5 35. g4 hxg4 36. hxg4 Rh6 37. Kg3 Ke6 38. Rd1 Rh8 39. f5+ Ke5
40. Re1+ Kd6 41. g5 Rh5 42. Kg4 Rh2 43. b4 Rg2+ 44. Kf4 Rf2+ 45. Kg4 Rg2+
1/2-1/2

[Event "36 R.G.Nezhmetdinov Memorial"]
[Site "Kazan"]
[Date "2014.06.07"]
[Round "8.5"]
[White "Shaposhnikov, Evgeny"]
[Black "Popov, Ivan"]
[Result "1-0"]
[WhiteElo "2550"]
[BlackElo "2650"]
[PlyCount "103"]
[EventDate "2014.??.??"]

1. Nf3 Nf6 2. c4 g6 3. Nc3 d5 4. Qa4+ Bd7 5. Qb3 dxc4 6. Qxc4 c5 7. Ne5 e6 8.
g3 Nc6 9. Nxd7 Qxd7 10. Bg2 Nd4 11. O-O Rc8 12. a4 Bg7 13. Nb5 O-O 14. Nxd4
cxd4 15. Qb5 b6 16. d3 Rc2 17. Bf3 Qxb5 18. axb5 Nd5 19. Rxa7 Rfc8 20. Ra1 h5
21. Rd1 Bf6 22. Bxd5 exd5 23. Kf1 Be7 24. Bf4 Rxb2 25. Be5 Bc5 26. Rdb1 Rxb1+
27. Rxb1 Ra8 28. Bf6 Ra2 29. h3 Kf8 30. g4 hxg4 31. hxg4 Ke8 32. f4 Kd7 33. f5
gxf5 34. gxf5 Ra4 35. Kf2 Be7 36. Be5 Bg5 37. Kf3 f6 38. Bg3 Be3 39. Rh1 Rb4
40. Rh7+ Ke8 41. Bh4 Rxb5 42. Bxf6 Rb1 43. Re7+ Kf8 44. Rb7 Rf1+ 45. Kg4 Rf4+
46. Kh5 Kg8 47. Rg7+ Kf8 48. Rd7 Rf2 49. Bh4 Rh2 50. f6 Bf2 51. Kg6 Rg2+ 52.
Bg5 1-0

[Event "36 R.G.Nezhmetdinov Memorial"]
[Site "Kazan"]
[Date "2014.06.07"]
[Round "8.6"]
[White "Ulko, Yaroslav"]
[Black "Ibragimov, Ildar"]
[Result "1-0"]
[WhiteElo "2422"]
[BlackElo "2557"]
[PlyCount "77"]
[EventDate "2014.??.??"]

1. d4 Nf6 2. c4 e6 3. Nc3 Bb4 4. e3 b6 5. Nge2 Ba6 6. a3 Bxc3+ 7. Nxc3 d5 8. b3
O-O 9. Be2 Nc6 10. a4 Re8 11. O-O e5 12. Bf3 e4 13. Be2 Na5 14. Nb5 c6 15. Na3
Nb7 16. b4 Nd6 17. b5 cxb5 18. axb5 Bc8 19. c5 Nb7 20. c6 Nd6 21. Bd2 a5 22.
bxa6 Bxa6 23. Bb4 Bxe2 24. Qxe2 Rc8 25. Rfc1 Re6 26. Bxd6 Rxd6 27. c7 Qd7 28.
Qa6 Ne8 29. Nb5 Rg6 30. Kf1 Qg4 31. Ke1 h5 32. Qb7 Rf6 33. Rc6 Rxc6 34. Qxc6
Qxg2 35. Ra8 Qg1+ 36. Ke2 Qg4+ 37. Kd2 Kh7 38. Qxe8 Rxe8 39. Rxe8 1-0

[Event "36 R.G.Nezhmetdinov Memorial"]
[Site "Kazan"]
[Date "2014.06.07"]
[Round "8.7"]
[White "Dvoirys, Semen"]
[Black "Matinian, Nikita"]
[Result "1-0"]
[WhiteElo "2557"]
[BlackElo "2478"]
[PlyCount "77"]
[EventDate "2014.??.??"]

1. e4 c5 2. Nf3 d6 3. d4 cxd4 4. Nxd4 Nf6 5. Nc3 g6 6. Be3 Bg7 7. f3 a6 8. Qd2
Nbd7 9. Bh6 Bxh6 10. Qxh6 b5 11. Qd2 Bb7 12. a4 b4 13. Nd1 a5 14. Ne3 O-O 15.
Bb5 Ne5 16. O-O-O Qc7 17. h4 Ba6 18. h5 Bxb5 19. Nxb5 Qc5 20. Kb1 Nc4 21. Nxc4
Qxc4 22. b3 Qc8 23. g4 Ra6 24. Rh2 Qc5 25. Nd4 Rc8 26. Qh6 Qe5 27. hxg6 fxg6
28. f4 Qxe4 29. Re2 Nxg4 30. Qh3 Qxf4 31. Rxe7 h5 32. Rg7+ Kh8 33. Rxg6 Rc5 34.
Rh1 Ra7 35. Rxg4 Qd2 36. Re4 Rg7 37. Qf3 Qg2 38. Rxh5+ Rxh5 39. Qxh5+ 1-0

[Event "36 R.G.Nezhmetdinov Memorial"]
[Site "Kazan"]
[Date "2014.06.07"]
[Round "8.8"]
[White "Rodchenkov, Vitali"]
[Black "Yudin, Sergei"]
[Result "1/2-1/2"]
[WhiteElo "2328"]
[BlackElo "2546"]
[PlyCount "81"]
[EventDate "2014.??.??"]

1. e4 d6 2. d4 Nf6 3. Nc3 e5 4. Nf3 Nbd7 5. Bc4 Be7 6. O-O O-O 7. Re1 c6 8. a4
a5 9. h3 h6 10. b3 Re8 11. Bb2 Qc7 12. Bf1 Nf8 13. d5 Ng6 14. Nd2 cxd5 15. exd5
Qd8 16. Nc4 Nd7 17. Nb5 Nb6 18. Qd2 Nxc4 19. Bxc4 Bf8 20. Nc3 Be7 21. Bf1 Rf8
22. Nb5 f5 23. Ba3 Rf6 24. c4 Bf8 25. c5 dxc5 26. Bb2 Bd7 27. Bxe5 Nxe5 28.
Rxe5 Rg6 29. Bc4 Qh4 30. Qd3 Kh8 31. Rae1 Rd8 32. Qf3 Rf6 33. R5e2 Bxb5 34.
Bxb5 Bd6 35. Re8+ Rxe8 36. Rxe8+ Kh7 37. Bd3 g6 38. Qe3 Qd4 39. Qxd4 cxd4 40.
Re6 Kg7 41. Kf1 1/2-1/2

[Event "36 R.G.Nezhmetdinov Memorial"]
[Site "Kazan"]
[Date "2014.06.07"]
[Round "8.9"]
[White "Gavrilov, Alexei"]
[Black "Giukhov, Alexandr"]
[Result "1-0"]
[WhiteElo "2491"]
[BlackElo "2185"]
[PlyCount "169"]
[EventDate "2014.??.??"]

1. e4 c5 2. Nf3 g6 3. d4 Bg7 4. d5 d6 5. Nc3 Nf6 6. Bb5+ Bd7 7. a4 O-O 8. O-O
a6 9. Be2 Bg4 10. Nd2 Bxe2 11. Qxe2 Nbd7 12. Nc4 Qc7 13. Bg5 Rae8 14. Rfd1 h6
15. Be3 Nb6 16. Na3 Nbd7 17. f3 Ne5 18. Kh1 g5 19. Qd2 Nh5 20. Rf1 Qb6 21. b3
Qb4 22. Ne2 Rb8 23. Qd1 Qa5 24. Bd2 Qc7 25. a5 e6 26. Bc3 f5 27. exf5 exf5 28.
Qd2 Rbe8 29. Rae1 f4 30. Bxe5 Rxe5 31. Nc4 Re7 32. Nc3 Bxc3 33. Qxc3 Rfe8 34.
Kg1 Ng7 35. Rxe7 Qxe7 36. Qd3 Qf6 37. Kf2 Nf5 38. Re1 Rxe1 39. Kxe1 Kg7 40. Kf2
Nd4 41. Qe4 Nb5 42. h3 Nc3 43. Qd3 Nb5 44. Kg1 Qa1+ 45. Kf2 Qf6 46. Qd2 Qa1 47.
h4 Nc3 48. hxg5 hxg5 49. g3 Nb5 50. gxf4 Qh1 51. fxg5 Qh2+ 52. Ke3 Qh4 53. Kd3
Qh7+ 54. Ke3 Qh4 55. Qd3 Qe1+ 56. Qe2 Qg1+ 57. Kf4 Qc1+ 58. Qe3 Qxc2 59. Qe7+
Kg8 60. Qe6+ Kg7 61. Qf6+ Kg8 62. Ne3 Qh2+ 63. Kg4 Qg1+ 64. Kf4 Qh2+ 65. Ke4
Qh4+ 66. Ng4 Qe1+ 67. Kf4 Qc1+ 68. Ne3 Nd4 69. Qg6+ Kh8 70. Qf6+ Kg8 71. Qg6+
Kh8 72. Qe8+ Kg7 73. Qe7+ Kg8 74. g6 Ne2+ 75. Kf5 Qb1+ 76. Kg5 Qg1+ 77. Kf6
Qa1+ 78. Ke6 Qe5+ 79. Kd7 Qxe7+ 80. Kxe7 Kg7 81. Kxd6 Nd4 82. Kxc5 Nxb3+ 83.
Kb6 Kxg6 84. d6 Kf7 85. d7 1-0

[Event "36 R.G.Nezhmetdinov Memorial"]
[Site ", "]
[Date "2014.06.07"]
[Round "8.10"]
[White "Turkin, Viktor"]
[Black "Pogonina, Natalija"]
[Result "0-1"]
[WhiteElo "2285"]
[BlackElo "2501"]
[PlyCount "82"]
[EventDate "2014.??.??"]

1. Nf3 d5 2. g3 Nf6 3. Bg2 c5 4. O-O Nc6 5. d3 e6 6. Nc3 Be7 7. e4 d4 8. Ne2
O-O 9. Nd2 Rb8 10. a4 a6 11. f4 b5 12. Nf3 Bb7 13. Kh1 Ng4 14. Neg1 c4 15. h3
Nf6 16. e5 Ne8 17. Nd2 cxd3 18. cxd3 Nc7 19. axb5 axb5 20. Qb3 Qd7 21. Qd1 Nd5
22. Nb3 Rfc8 23. Kh2 h6 24. Nf3 Ne3 25. Bxe3 dxe3 26. Ne1 Nd4 27. Nxd4 Qxd4 28.
Qe2 Bb4 29. Bxb7 Rxb7 30. Nf3 Qc5 31. Ng1 Bd2 32. Nf3 Qb4 33. Nxd2 exd2 34.
Rad1 Rc2 35. Rf2 Rxb2 36. Rxd2 Rxd2 37. Qxd2 Qd4 38. Rf1 Ra7 39. Rb1 Qd5 40. d4
Ra4 41. Qg2 Ra2 0-1

[Event "36 R.G.Nezhmetdinov Memorial"]
[Site ", "]
[Date "2014.06.07"]
[Round "8.11"]
[White "Volkov, Sergey"]
[Black "Sadykov, Ramil"]
[Result "1-0"]
[WhiteElo "2584"]
[BlackElo "2288"]
[PlyCount "124"]
[EventDate "2014.??.??"]

1. d4 d5 2. c4 c6 3. Nf3 Nf6 4. e3 Bf5 5. Nc3 e6 6. Nh4 Bg6 7. Be2 Nbd7 8. O-O
Bd6 9. g3 O-O 10. Nxg6 hxg6 11. b3 Qe7 12. a3 a6 13. Bb2 Rfc8 14. Qc2 Nf8 15.
Bf3 Rab8 16. Rfe1 N8d7 17. Bg2 Re8 18. Qe2 Rbc8 19. f4 Qf8 20. Rad1 Qe7 21. c5
Bc7 22. b4 Nh7 23. e4 dxe4 24. Nxe4 Qf8 25. Nd2 Nhf6 26. Nc4 Nd5 27. Qc2 N7f6
28. Qb3 Qe7 29. a4 Qd7 30. Ne5 Bxe5 31. dxe5 Ng4 32. Bf3 Nh6 33. Bd4 Qe7 34. h4
Nf5 35. Bf2 Nc7 36. Be4 Red8 37. Rd6 Nd5 38. Bxf5 gxf5 39. Rd1 Rd7 40. b5 axb5
41. axb5 cxb5 42. Qxb5 Rdc7 43. R1xd5 exd5 44. Qd3 Rd8 45. Qxf5 Rc6 46. h5 Ra6
47. Kg2 Rc6 48. g4 Ra6 49. g5 Rc6 50. Kf3 Ra6 51. Kg4 Rc6 52. Bd4 Ra6 53. g6
Rf8 54. Qd7 Qxd7+ 55. Rxd7 fxg6 56. e6 gxh5+ 57. Kg5 Re8 58. Rxg7+ Kf8 59. Rf7+
Kg8 60. f5 Ra4 61. Be5 Re4 62. Rg7+ Kf8 1-0